MDQL
is popping MORE tags! Check the
thread
!
Quizzes
Events
Quiz Creation
Community
Videos
Private Events
Remove Ads
Sign In
Join for FREE
Feedback
Dark Mode
Quiz Categories
Sports
Geography
Music
Movies
Television
Just For Fun
Miscellaneous
History
Literature
Language
Science
Gaming
Entertainment
Religion
Holiday
For Kids
Quiz Lab
Recent
Popular Today
Quiz Kudos Today
Editor Picks
Curator Picks
Quizzes by...
Day
Popularity
Type
Ratings
Length
Year
Community
Subscriptions
Recent Discussions
Orange Saloon
Badges
Playlists
Quests
Create
Leaderboards
Showdown
Live 5
Trivia Bingo
Activity
Puzzle Library
Sporcle Events
Private Events
Virtual Trivia
Globe League
Become a Host
Pub Owners
SporcleCon
Opinionation
Our Games
Videos
Blog
Mobile Apps
Partnerships
Remove Ads and Go Orange
Feedback
Music
Pop Music
The Beatles
Song
Album
Lyrics
Bands
Singers
Artist
Clip
Rock
Rap
Classical
Billboard
Country Music
Kpop
Taylor Swift
Music
Pop Music
The Beatles
Song
Album
Lyrics
Bands
Singers
Artist
Clip
Rock
Rap
Classical
Billboard
Country Music
Kpop
Taylor Swift
Random Quiz
Search Sporcle
×
Quiz Lab
Quiz Lab
Music
kin
Type in answers that appear in a list
Type in answers that appear in a list
Classic
Best Score? Go Orange.
BOY 'Skin' Lyrics Stats
Can you give the lyrics to 'Skin' by BOY?
By
TheSongLyrics
9m
266 Questions
4 Plays
4 Plays
4 Plays
Comments
Comments
Give Quiz Kudos
Give Quiz Kudos
-
- Ratings
hide this ad
Replay
Link that replays current quiz
Next Quiz
Link to next quiz in quiz playlist
You Got
0%
They Got
Avg Score
70%
Avg Friend Score
Upgrade to see
Score Distribution
Jump to the score distribution portion of the page
Score
0/266
Timer
09:00
0
Plays Today
Lyrics
% Correct
no
100%
he
100%
He
100%
he
100%
he
100%
[Chorus]
100%
All
75%
day
75%
long
75%
she's
75%
waiting
75%
for
75%
the
75%
night
75%
to
75%
ask
75%
her
75%
out.
75%
To
75%
be
75%
somebody's
75%
dancer,
75%
to
75%
get
75%
a
75%
crowd.
75%
There's
75%
need
75%
to
75%
talk
75%
the
75%
music
75%
is
75%
so
75%
loud,
75%
a
75%
her
75%
into
75%
a
75%
of
75%
doubts.
75%
You
75%
can
75%
feel
75%
part
75%
of
75%
if
75%
you're
75%
part
75%
of
75%
the
75%
scene,
75%
you
75%
can
75%
make
75%
your
75%
life
75%
look
75%
pretty,
75%
a
75%
ice
75%
and
75%
gin.
75%
Wash
75%
off
75%
the
75%
make-up
75%
and
75%
the
75%
you
75%
can
75%
get
75%
out
75%
of
75%
this
75%
party
75%
but
75%
you
75%
can't
75%
get
75%
out
75%
of
75%
this
75%
skin.
75%
His
75%
home
75%
is
75%
his
75%
is
75%
Lyrics
% Correct
the
75%
that
75%
tells
75%
himself
75%
can't
75%
be
75%
'cause
75%
he's
75%
never
75%
on
75%
his
75%
own,
75%
but
75%
all
75%
the
75%
friends
75%
night,
75%
in
75%
the
75%
gone,
75%
and
75%
he's
75%
with
75%
his
75%
four
75%
walls,
75%
his
75%
his
75%
All
75%
day
75%
long
75%
she's
75%
waiting
75%
for
75%
the
75%
night
75%
to
75%
ask
75%
her
75%
out.
75%
To
75%
be
75%
somebody's
75%
dancer.
75%
And
75%
you
75%
can
75%
feel
75%
part
75%
of
75%
if
75%
you're
75%
part
75%
of
75%
the
75%
scene,
75%
you
75%
can
75%
make
75%
your
75%
life
75%
look
75%
pretty,
75%
a
75%
ice
75%
and
75%
gin.
75%
Wash
75%
off
75%
the
75%
make-up
75%
and
75%
the
75%
you
75%
can
75%
get
75%
out
75%
of
75%
this
75%
party
75%
but
75%
you
75%
can't
75%
get
75%
out
75%
of
75%
you're
75%
part
75%
of
75%
Lyrics
% Correct
if
75%
you're
75%
part
75%
of
75%
the
75%
scene,
75%
you
75%
can
75%
make
75%
your
75%
life
75%
look
75%
pretty
75%
a
75%
ice
75%
and
75%
gin.
75%
Wash
75%
off
75%
the
75%
make-up
75%
and
75%
the
75%
you
75%
can
75%
get
75%
out
75%
of
75%
this
75%
party
75%
but
75%
you
75%
can't
75%
get
75%
out
75%
of
75%
this
75%
skin.
75%
lost
50%
inside
50%
because
50%
'Til
50%
taxi
50%
drives
50%
back
50%
morning
50%
full
50%
like
50%
something
50%
add
50%
little
50%
prepare
50%
aspirin,
50%
well
50%
dress
50%
where
50%
heart
50%
at
50%
parties
50%
roams.
50%
lonely
50%
makes
50%
at
50%
morning,
50%
they
50%
are
50%
left
50%
aching
50%
head,
50%
silent
50%
phone.
50%
like
50%
something
50%
add
50%
little
50%
prepare
50%
aspirin,
50%
well
50%
dress
50%
like
50%
something
50%
add
50%
little
50%
prepare
50%
aspirin,
50%
well
50%
dress
50%
feeling
25%
Quiz Playlist
Details
Report
Send in Message
Add To Playlist
Classic:
Type in answers that appear in a list
Last Updated: Feb 16, 2017
Quiz Scoreboard
CHALLENGE
Sign Up to Join the Scoreboard
Show All
Scores
Hide
Comments
May contain spoilers
Recently Published
1-10 Letter E Words III
by El_Dandy
Language
2m
Street Fighter Characters
by Artimus82
Gaming
60s
College Basketball Coaching Resumes
by pancakes188
Sports
9m
More to Explore
Quiz From the Vault
Featured Blog Post
Where Did the Easter Bunny Come From?
hide this ad
You Might Also Like...
Tags
Boy
kin
Today's Top Quizzes in Music
Browse Music
hide this ad
Top Contributed Quizzes in Music
1
Taylor Swift All Songs (2024)
2
Taylor Swift Logic Puzzle
3
Guess the Artist- 70s Songs
4
7-to-1: Billboard Hot 100 #1 Hits of 2010s
5
Sorting Albums and Songs
6
Billboard Blitz: Aretha Franklin
7
KPOP LOGIC QUIZ
8
Guess the Taylor Swift song (Mystery Song)
9
Guess The Taylor Swift Lyrics Song #1
10
Billboard Blitz: ABBA
Explore More
Trending Topics
Kpop
NBA
Disney
Anime
Marvel
Crossword
Harry Potter
The Office
Country
Pokémon
NFL
Puzzle
WWE
Soccer
Song
hide this ad
More By:
TheSongLyrics
Quiz
Plays
Rating
Category
Featured
Created
Dido 'White Flag' Lyrics
873
5.00
Music
Jul 20, 2015
Making Today A Perfect Day Lyrics (Frozen Fever)
338
3.67
Music
Jul 19, 2015
Julie Fowlis 'Into the Open Air' Lyrics (Disney Brave)
96
Music
Jul 20, 2015
Of Monsters and Men 'Wolves Without Teeth' Lyrics
88
3.00
Music
Jul 19, 2015
Ella Henderson 'Glow' Lyrics
83
Music
Jul 20, 2015
Go to Creator's Profile
Score Distribution
Quiz Creator Spotlight
TheSongLyrics
Follow
Send a Message
Quizzes Created
-
Created Quiz Play Count
-
More By This Creator
Popular Quizzes Today
1
Find the US States - No Outlines Minefield
2
Find the Countries of Europe - No Outlines Minefield
3
The Countries of the World
4
Find the US States
5
Risky Map Clicking: Biggest States A-Z
6
US States
7
Popular People in 1961
8
Movies - When Are They Set?
More Music Quizzes
I'm Going Solo!
Published
Trending Quizzes
Risky Map Clicking: Least Populous States A-Z
Billboard Blitz: Aretha Franklin
Famous Russians: Author or Composer?
1-10 Letter G Words
Countries of the World: 200 Million BC
Recently Updated
Leaping Animals
pecheneg
Reality TV Shows (A-Z)
bhenderson79
Rickey Henderson's Hall of Fame Teammates
pecheneg
Champions League XIs: Arsenal
pecheneg
Quick Pick: Celebrities in WWE's Hall of Fame
aduchscher
A-Z Keypad Blitz II
pecheneg
Multiple Oscar Actors
pecheneg
Mystery Phrase Blitz: Oscar 'Best Actors'
pecheneg
F. Scott Fitzgerald Novels
LTH
Pick 3 Villains
ddd62291
Trending Topics
Harry Potter
Kpop
Disney
NBA
Crossword
Marvel
Anime
Soccer
Puzzle
WWE
NFL
Country
The Office
Pokémon
Song
Your Account Isn't Verified!
In order to create a playlist on Sporcle, you need to verify the email address you used during registration. Go to your
Sporcle Settings
to finish the process.
Report this User
Report this user for behavior that violates our
Community Guidelines
.
Details:
Send Report
Go to the Sporcle.com Mobile Site →
Comments